Responses for Show #6216 - Monday, October 3, 2011

Joon Pahk game 1.

Contestants

[<< previous game]

Aleisa Farrington, a mother and cook from Dover, New Hampshire

Joon Pahk, a college physics teacher from Somerville, Massachusetts

Chris Fleitas, a high school college prep counselor from San Francisco, California (whose 2-day cash winnings total $82,901)

[next game >>]

Jeopardy! Round responses

ARTISTS ON FILM
FOR YOUR REFERENCE
BASEBALL NICKNAMES
I'M GAME
THE HUMAN BODY
"AL"-X
    $200 11
Michelangelo

Aleisa
    $200 9
an atlas

Joon
    $200 20
Alex Rodriguez

Joon
    $200 29
(Aleisa: What is checkers?)

chess

JoonAleisa
    $200 30
the cranium

Aleisa
    $200 2
the Alamo

Joon
    $400 1
Diego Rivera

Joon
    $400 12
quotations

Joon
    $400 21
Leo Durocher

Chris
    $400 25
Twister

Joon
    $400 16
the coccyx

Chris
    $400 3
algae

Joon
    $600 5
(Paul) Gauguin

Joon
    $600 13
almanacs

Joon
    $600 22
Dwight Gooden

Joon
    $600 26
Scrabble

Aleisa
    $600 17
the pectorals

Chris
    $600 4
allegory

Chris
    $800 7
(Pablo) Picasso

Joon
    $800 14
a gazetteer

Triple Stumper
    $800 23
Dennis Eckersley

Joon
    $800 27
Luxury Tax

Joon
    $800 18
the trachea

Chris
    $800 6
al fresco

Aleisa
    $1000 8
(Jan) Vermeer

Aleisa
    $1000 15
Bartleby

Chris
    $1000 24
Phil Rizzuto

Chris
    $1000 28
FreeCell

Joon
    $2,000 19
an isthmus

Chris
    $1000 10
Albertville

Aleisa

Scores at the first commercial break (after clue 15):

Chris Joon Aleisa
$1,600 $3,600 $3,000

Scores at the end of the Jeopardy! Round:

Chris Joon Aleisa
$6,800 $7,600 $3,600

Double Jeopardy! Round responses

20th CENTURY LIT
GODLY RHYME TIME
SOMETHING ABOUT MARY
JERSEY TV
ALL HAT
NO CATTLE
    $400 25
Animal Farm

Joon
    $400 1
a stupid Cupid

Aleisa
    $400 9
Mary, Queen of Scots

Joon
    $400 26
The Sopranos

Chris
    $400 15
a sombrero

Joon
    $400 24
a hog

Joon
    $800 5
(Joon: Who is Roth?)

James Hilton

Joon
Triple Stumper
    $800 2
Saturn's patterns

Joon
    $800 10
Ford

Joon
    $800 27
The Situation

Joon
    $800 16
a crown

Aleisa
    $800 20
chicken

Chris
    $1200 6
(William) Kennedy

Joon
    $1200 3
Zeus's truces

Joon
    $1200 11
(Chris: Who is Estée Lauder?)

Mary Kay

ChrisAleisa
    $1200 28
The Real Housewives of New Jersey

Aleisa
    $1200 17
a bowler

Joon
    $1200 21
sheep

Chris
    $1600 8
The Stone Diaries

Triple Stumper
    $1600 4
Osiris's viruses

Chris
    $1600 12
the Quakers

Joon
    $1600 29
Boardwalk Empire

Joon
    $1,600 18
pork pies

Joon
    $1600 22
llamas

Joon
    $2000 14
Francis Macomber

Joon
    $2000 7
(Alex: And you added the "fish", which you didn't need, but, uh, well done, young man.)

Vishnu's fish stews

Joon
    $3,500 13
(Joon: Who is Mary Dickens?)

Mary Lamb

Joon
    $2000 30
(Aleisa: What's Jersey Style?)

Jersey Couture

Aleisa
Triple Stumper
    $2000 19
(Aleisa: Who is Bismarck?)

(the Duke of) Wellington

ChrisAleisa
    $2000 23
a duck

Aleisa

Scores at the end of the Double Jeopardy! Round:

Chris Joon Aleisa
$11,600 $21,300 $5,200

[wagering suggestions for these scores]

Final Jeopardy! Round responses

REMEMBERING U.S. HISTORY
AleisaWhat is Fort Sumter?
$2,000
ChrisWhat is Fort Sumter?
$11,598
JoonWhat is Ft. Sumter?
$7,500
Fort Sumter

Final scores:

Chris Joon Aleisa
$23,198 $28,800 $7,200
2nd place: $2,000 New champion: $28,800 3rd place: $1,000

Game dynamics:

Coryat scores:

Chris Joon Aleisa
$10,600 $24,800 $5,200
13 R
(including 1 DD),
1 W
31 R
(including 1 DD),
2 W
(including 1 DD)
11 R,
3 W

Combined Coryat: $40,600

[game clues] [game scores] [suggest correction]

Game tape date: 2011-08-24
The J! Archive is created by fans, for fans. Scraping, republication, monetization, and malicious use prohibited; this site may use cookies and collect identifying information. See terms. The Jeopardy! game show and all elements thereof, including but not limited to copyright and trademark thereto, are the property of Jeopardy Productions, Inc. and are protected under law. This website is not affiliated with, sponsored by, or operated by Jeopardy Productions, Inc. Join the discussion at JBoard.tv.